Ryan Trahan Trivia - Statistics

General Stats
  • This quiz has been taken 65 times
  • The average score is 14 of 24
Answer Stats
Question Answer % Correct
What is his religion? Christianity
86%
How many subscribers does he have (in millions)? 20
84%
What is his wife's name? Haley
84%
What year did they get married? 2020
79%
What year did that start? 2023
74%
In 2025, how long was the Airbnb Series (in days)? 50
74%
Who did he do the series with? Haley
74%
What's his candy brand called? Joyride
74%
In 2022, who did he give a penny too? MrBeast/Jimmy Donaldson
72%
And what does she like to do? Read
72%
What's his dog's name? Spock
72%
What was the first store to carry his candy nationwide (in America)? Target
72%
In 2022, how long was the Penny Series (in days)? 30
70%
What's her last name? Pham
70%
In 2022, what fellow YouTuber made him get a tattoo on his leg? Doctor Mike
56%
And what did the tattoo say? eat your veggies
56%
what is his secret channel called? ryan trahan
40%
What is his favorite animated movie series? Shrek
35%
What movie franchise is that name from? Star Trek
35%
What company made that movie? DreamWorks
30%
what is his extra secret channel called? ryan lol
30%
What is his middle name? Michael
26%
What his most-viewed long-form video (on YouTube) called? I Tried Every Seat on the Most Expensive Airline
16%
What his brother's name? Matthew
14%
No matching quizzes found
Score Distribution
Percent of People with Each Score
Percentile by Number Answered
Your Score History
You have not taken this quiz